The crust of the earth : an introduction to geology /

Guardado en:
Otros Autores: Rapport, Samuel (edición.), Wright, Helen (edición.)
Formato: Libro
Idioma:English
Publicado: New York : New American Library, 1955.
Etiquetas: Agregar Etiqueta
Sin Etiquetas, Sea el primero en etiquetar este registro!
LEADER 00512nam a22001575a 4500
001 EUN.um019713
003 AR-BaUNS
005 20050623122859.0
008 041125s1955####xxu###########000#0#eng#d
245 0 4 |a The crust of the earth :  |b an introduction to geology /  |c Samuel Rapport, Helen Wright. 
260 |a New York :  |b New American Library,  |c 1955. 
300 |a 224 p. 
700 1 |a Rapport, Samuel  |e edición. 
700 1 |a Wright, Helen  |e edición. 
082 0 4 |a 550 
859 |a Ar-BaUNS  |b BIB. CENTRAL - Sector C  |h 550  |i R182  |p 56272/970